000 01029nam a2200289 i 4500
003 EG-GICUC
005 20260225212952.0
008 260225s1929 ua ||||fr|||| 00| 0 ara d
040 _a EG-GICUC
_bara
_c EG-GICUC
_d EG-GICUC
_erda
041 _aara
082 0 4 _221
_a341.46
_bم ع
092 0 4 _221
099 _aLaw1 11 341.46 م ع 1929
245 _aمعاهدة فارسوفى الدولية لتوحيد بعض قواعد النقل الجوى الدولى /
_cجامعة الدول العربية .
264 _aالقاهرة :
_bجامعة الدول العربية ,
_c1929 .
300 _a20 صفحة؛
_c24 سم
336 _2rda content
_atext
337 _2rda media
_aComputer
338 _2rda carrier
_aOnline Resource
546 _aالنص باللغة العربية
650 1 _aالقانون الجوى
650 1 _aالقانون الدولى العام
651 1 _2qrmak
856 4 0 _uhttps://fll.law.cu.edu.eg/fulltext/bks/B11-05524.pdf
905 _a60
942 _2ddc
_cBK
_e21
_n0
999 _c64232
_d64232